00257nam a22000977a 4500040000700000082000800007100000800015245010800023260001900131300000900150 cSK a333 aNA  aLand management and administration project ministry of land management, urban planning and construction aNA bNA c2003 a29p.